Powerful page design : (Record no. 19833)

MARC details
000 -CABECERA
campo de control de longitud fija 01009nam a2200277 4500
003 - IDENTIFICADOR DEL NÚMERO DE CONTROL
campo de control OSt
005 - FECHA Y HORA DE LA ÚLTIMA TRANSACCIÓN
campo de control 20260601170956.0
008 - DATOS DE LONGITUD FIJA--INFORMACIÓN GENERAL
campo de control de longitud fija 260506b2002\\\\xxua||||\||||\00|\0\eng\d
020 ## - NÚMERO INTERNACIONAL ESTÁNDAR DEL LIBRO
Número Internacional Estándar del Libro 1581802587 (papel alcalino)
040 ## - FUENTE DE LA CATALOGACIÓN
Centro catalogador/agencia de origen ICI
Lengua de catalogación spa
Centro/agencia transcriptor ICI
041 ## - CÓDIGO DE LENGUA
Código de lengua del texto/banda sonora o título independiente eng
050 ## - SIGNATURA TOPOGRÁFICA DE LA BIBLIOTECA DEL CONGRESO
Número de clasificación NC998.4
Número de documento/Ítem F55
100 #1 - ENTRADA PRINCIPAL--NOMBRE DE PERSONA
Nombre de persona Finke, Gail Deibler,
Fechas asociadas al nombre 1964-
Término indicativo de función/relación autor
245 #1 - MENCIÓN DE TÍTULO
Título Powerful page design :
Resto del título top designers lay out their concepts to reveal their inspirations /
Mención de responsabilidad, etc. by Gail Deibler Finke and Clare Warmke ; designed by Lisa Buchanan
264 ## - PRODUCCIÓN, PUBLICACIÓN, DISTRIBUCIÓN, FABRICACIÓN Y COPYRIGHT
Producción, publicación, distribución, fabricación y copyright Cincinnati, Ohio :
Nombre del de productor, editor, distribuidor, fabricante How Design Books,
Fecha de producción, publicación, distribución, fabricación o copyright 2002
300 ## - DESCRIPCIÓN FÍSICA
Extensión 143 páginas :
Otras características físicas ilustraciones a color
336 ## - TIPO DE CONTENIDO
Término de tipo de contenido texto
Fuente rdacontent
337 ## - TIPO DE MEDIO
Nombre/término del tipo de medio sin medio
Fuente rdamedia
338 ## - TIPO DE SOPORTE
Nombre/término del tipo de soporte volumen
Fuente rdacarrier
650 ## - PUNTO DE ACCESO ADICIONAL DE MATERIA--TÉRMINO DE MATERIA
Término de materia o nombre geográfico como elemento de entrada Arte comercial
Subdivisión general Historia
Subdivisión cronológica Siglo XX
9 (RLIN) 30566
650 ## - PUNTO DE ACCESO ADICIONAL DE MATERIA--TÉRMINO DE MATERIA
Término de materia o nombre geográfico como elemento de entrada Artes gráficas
Subdivisión general Historia
Subdivisión cronológica Siglo XX
9 (RLIN) 30567
650 ## - PUNTO DE ACCESO ADICIONAL DE MATERIA--TÉRMINO DE MATERIA
Término de materia o nombre geográfico como elemento de entrada Dibujo por computadora
9 (RLIN) 30568
700 #1 - PUNTO DE ACCESO ADICIONAL--NOMBRE DE PERSONA
Nombre de persona Warmke, Clare,
Término indicativo de función/relación autor
9 (RLIN) 30569
700 #1 - PUNTO DE ACCESO ADICIONAL--NOMBRE DE PERSONA
Nombre de persona Buchanan, Lisa,
Término indicativo de función/relación prologuista
9 (RLIN) 30570
942 ## - ELEMENTOS DE PUNTO DE ACCESO ADICIONAL (KOHA)
Fuente del sistema de clasificación o colocación Library of Congress Classification
Tipo de ítem Koha Libros
Suprimir en OPAC 1

No items available.